Métallurgie des métaux autres que le fer : cours réduit pour la section des mines /

Guardado en:
Autor Principal: Frenay, E.
Formato: Libro
Idioma:French
Publicado: Liege : Université, 1948.
Etiquetas: Agregar Etiqueta
Sin Etiquetas, Sea el primero en etiquetar este registro!
LEADER 00480nam a22001455a 4500
001 EUN.um037745
003 AR-BaUNS
005 20050623122910.0
008 041125s1948####xx#a##########000#0#fre#d
245 1 0 |a Métallurgie des métaux autres que le fer :  |b cours réduit pour la section des mines /  |c E. Frenay. 
260 |a Liege :  |b Université,  |c 1948. 
300 |a 2 v. :  |b ilus. ;  |c 27 cm. 
100 1 |a Frenay, E. 
082 0 4 |a 669 
859 |a Ar-BaUNS  |b BIB. CENTRAL - Sector C  |h 669  |i F887  |p 106380/997  |v v.2